| 000 | 00332cam a22001217a 4500 | ||
|---|---|---|---|
| 008 | 180718b1965 xxu||||| |||| 00| 0 eng d | ||
| 082 | _aT34084 B226 | ||
| 100 | _aBanks, Seymour | ||
| 245 |
_aExperimentation in marketing _cby Seymour Banks |
||
| 260 |
_aNew York _bMcGraw-Hill _c1965 |
||
| 300 | _a275p. | ||
| 650 | _aMarketing research | ||
| 999 |
_c340695 _d340695 |
||